[Event "European Rapid 2017"]
[Site "Katowice POL"]
[Date "2017.12.16"]
[Round "3.100"]
[White "Samborski, Henryk"]
[Black "Reichmann, Hendrik"]
[Result "0-1"]
[BlackTitle "FM"]
[WhiteElo "2078"]
[BlackElo "2337"]
[WhiteFideId "1103849"]
[BlackFideId "4647823"]
[EventDate "2017.12.16"]

1. e4 g6 2. d4 Bg7 3. Nc3 d6 4. Be3 a6 5. Qd2 b5 6. O-O-O Bb7 7. f3 Nd7 8. d5 c5
9. dxc6 Bxc6 10. Nge2 Rc8 11. Nd4 Bb7 12. Kb1 h5 13. h4 Ngf6 14. Nce2 Ne5 15. b3
Qc7 16. Nc1 Bxe4 17. fxe4 Nxe4 18. Qe1 Nc3+ 19. Kb2 Nxd1+ 20. Qxd1 Ng4 21. Qd2
Nxe3 22. Qxe3 Qxc2+ 23. Ka3 Qc5+ 24. b4 Bxd4 25. Qd3 Qxc1+ 0-1

[Event "European Rapid 2017"]
[Site "Katowice POL"]
[Date "2017.12.16"]
[Round "4.1"]
[White "Djuric, Stefan"]
[Black "Inarkiev, Ernesto"]
[Result "0-1"]
[WhiteTitle "GM"]
[BlackTitle "GM"]
[WhiteElo "2383"]
[BlackElo "2689"]
[WhiteFideId "900133"]
[BlackFideId "4162722"]
[EventDate "2017.12.16"]

1. e4 e5 2. Nf3 Nc6 3. Bb5 a6 4. Ba4 Nf6 5. d4 exd4 6. O-O Be7 7. Re1 O-O 8. e5
Ne8 9. Bf4 b5 10. Bb3 d5 11. c3 dxc3 12. Nxc3 d4 13. Ne4 Na5 14. Bc2 c5 15. Rc1
Nc6 16. Nxc5 Qb6 17. Ng5 g6 18. b4 Nxb4 19. Be4 Nxa2 20. Bxa8 Bxc5 21. Bd5 Nxc1
22. Qxc1 Nc7 23. Bb3 Be6 24. Ne4 Be7 0-1

[Event "European Rapid 2017"]
[Site "Katowice POL"]
[Date "2017.12.16"]
[Round "4.2"]
[White "Navara, David"]
[Black "Polivanov, Anatoliy"]
[Result "1-0"]
[WhiteTitle "GM"]
[BlackTitle "IM"]
[WhiteElo "2740"]
[BlackElo "2383"]
[WhiteFideId "309095"]
[BlackFideId "14109468"]
[EventDate "2017.12.16"]

1. e4 c5 2. Nf3 e6 3. d4 cxd4 4. Nxd4 Nf6 5. Nc3 Nc6 6. Nxc6 bxc6 7. e5 Nd5 8.
Ne4 Qc7 9. f4 Rb8 10. c4 Bb4+ 11. Kf2 O-O 12. cxd5 cxd5 13. Ng5 f6 14. exf6 Rxf6
15. g3 e5 16. Qxd5+ Kh8 17. Bc4 Bc5+ 18. Kf1 Bb7 19. Qd3 e4 20. Nxe4 Qc6 21. Qd5
Ba6 22. Kg2 Bxc4 23. Qxc4 Rb4 24. Qxc5 Qxe4+ 25. Kf2 Rc4 26. Qe3 Qa8 27. Bd2 Re6
28. Qd3 Qc6 29. Rhe1 Qc5+ 30. Kf1 Rd4 31. Rxe6 dxe6 32. Be3 1-0

[Event "European Rapid 2017"]
[Site "Katowice POL"]
[Date "2017.12.16"]
[Round "4.4"]
[White "Kovalenko, Igor"]
[Black "Wieczorek, Oskar"]
[Result "1-0"]
[WhiteTitle "GM"]
[BlackTitle "IM"]
[WhiteElo "2639"]
[BlackElo "2463"]
[WhiteFideId "14117908"]
[BlackFideId "1133950"]
[EventDate "2017.12.16"]

1. d4 Nf6 2. Nf3 g6 3. g3 Bg7 4. Bg2 d5 5. O-O O-O 6. c3 c6 7. Bf4 Bf5 8. Nbd2
Nbd7 9. Nh4 Be6 10. Nhf3 h6 11. Qb3 Qb6 12. Ne5 g5 13. Nxd7 Nxd7 14. Be3 f5 15.
f4 g4 16. Qa3 Bf7 17. Nb3 Rfe8 18. Nc5 Nxc5 19. dxc5 Qb5 20. Bd4 Qxe2 21. Rfe1
Qa6 22. Qxa6 bxa6 23. Rad1 a5 24. Bxg7 Kxg7 25. Rd4 Rab8 26. Re2 Kf6 27. Bf1 e5
28. fxe5+ Rxe5 29. Rxe5 Kxe5 30. b3 Be6 31. Kf2 h5 32. Ra4 h4 33. Rxa5 hxg3+ 34.
hxg3 f4 35. gxf4+ Kxf4 36. Ra4+ Ke5 37. Kg3 Bf5 38. Rxa7 d4 39. cxd4+ Kxd4 40.
Ra4+ Ke3 41. Bg2 Rb5 42. b4 Bc2 43. Ra3+ Kd4 44. Ra6 Rxb4 45. Rxc6 Rc4 46. Kxg4
Rxc5 47. Ra6 Bd3 48. Ra7 Rc2 49. Bf3 Bc4 50. a4 Ra2 51. Kf4 Kc5 52. Ke5 Kb6 53.
Rb7+ Ka6 54. Rb4 Be2 55. Bc6 Bd1 56. Kd6 Ka5 57. Rb5+ Ka6 58. Bb7+ Ka7 59. Kc7
Rc2+ 60. Kd6 Ra2 61. Bd5 Rxa4 62. Kc7 Be2 63. Rb8 Ka6 64. Bc6 Ka5 65. Ra8+ Ba6
66. Bxa4 1-0

[Event "European Rapid 2017"]
[Site "Katowice POL"]
[Date "2017.12.16"]
[Round "4.5"]
[White "Jahncke, Giso"]
[Black "Zhigalko, Sergei"]
[Result "0-1"]
[WhiteTitle "FM"]
[BlackTitle "GM"]
[WhiteElo "2403"]
[BlackElo "2641"]
[WhiteFideId "24608289"]
[BlackFideId "13502956"]
[EventDate "2017.12.16"]

1. Nf3 d5 2. g3 c6 3. Bg2 Bg4 4. O-O e6 5. d3 Bd6 6. Nbd2 Ne7 7. h3 Bh5 8. e4
O-O 9. Qe1 c5 10. c3 Nd7 11. a4 Re8 12. b3 Nc6 13. Bb2 Qb6 14. g4 Bg6 15. Qb1
Bf4 16. Qc2 Rad8 17. Rad1 Nde5 18. Nxe5 Nxe5 19. Nf3 Nxf3+ 20. Bxf3 Bb8 21. Bg2
h5 22. Bc1 hxg4 23. hxg4 f6 24. Be3 d4 25. Bd2 dxc3 26. Bxc3 Bf4 27. Bd2 Bxd2
28. Rxd2 e5 29. Rc1 Rc8 30. Bh3 Rc7 31. Qc3 a5 32. Kg2 Bf7 33. Rb2 Qb4 34. Qxb4
axb4 35. g5 fxg5 36. Kf3 Rf8 37. Ke3 Bh5 38. Be6+ Kh7 39. Rf1 Rf3+ 40. Kd2 b6
41. Bc4 Rc6 42. Ke1 Rd6 43. Rh1 Kg6 44. d4 Rxd4 45. Be2 Rxe4 46. Kf1 Rxe2 47.
Rxe2 Rxb3 48. Rxe5 Bf3 49. Rh8 Rb1+ 50. Re1 Bg2+ 51. Ke2 Rb2+ 52. Ke3 Rb3+ 53.
Kd2 Rb2+ 54. Ke3 Ra2 55. Rb8 Rxa4 56. Rxb6+ Kf5 57. Rc1 Ra3+ 58. Kd2 Ra2+ 59.
Ke3 Ra3+ 60. Kd2 Ra5 61. Ke3 Bd5 62. Rb8 g4 63. Rf8+ Ke5 64. Re8+ Be6 65. f4+
gxf3 66. Kxf3 Kf6 67. Rb8 b3 68. Rb6 Kf7 69. Rb7+ Kf6 70. Rb6 Kf5 71. Ke3 c4 72.
Rf1+ Ke5 73. Kd2 Ra2+ 74. Kc3 Rc2+ 75. Kb4 Bd5 76. Kc5 b2 77. Rf8 Be4 78. Rbb8
Bf5 79. Rfe8+ Kf4 80. Re1 Rc1 81. Kd4 0-1

[Event "European Rapid 2017"]
[Site "Katowice POL"]
[Date "2017.12.16"]
[Round "4.6"]
[White "McShane, Luke J"]
[Black "Pulpan, Jakub"]
[Result "1-0"]
[WhiteTitle "GM"]
[BlackTitle "IM"]
[WhiteElo "2640"]
[BlackElo "2400"]
[WhiteFideId "404853"]
[BlackFideId "302759"]
[EventDate "2017.12.16"]

1. e4 c5 2. Nf3 d6 3. d4 cxd4 4. Nxd4 Nf6 5. Nc3 a6 6. Be3 e5 7. Nf3 Be7 8. Bc4
O-O 9. Qd3 h6 10. Bb3 Nc6 11. O-O Na5 12. Bd5 Nxd5 13. Nxd5 Nc6 14. Rad1 f5 15.
Bb6 Qd7 16. Nxe7+ Qxe7 17. Qxd6 Qxd6 18. Rxd6 fxe4 19. Nd2 Bf5 20. Nc4 Rac8 21.
Ne3 Bh7 22. Rfd1 Nb4 23. R6d2 Rf6 24. Ba5 Nc6 25. Bd8 Re6 26. c3 Bg6 27. Bb6 Be8
28. h3 Ne7 29. Bd8 Nc6 30. a4 Kf7 31. Bb6 Nb4 32. cxb4 Rxb6 33. Nf5 Bxa4 34. Re1
Rc2 35. Rxc2 Bxc2 36. Rc1 Bd3 37. Rc7+ Kf6 38. Ne3 Ke6 39. Rxg7 Rxb4 40. Rg6+
Kd7 41. Rxh6 Rxb2 42. g4 Be2 43. g5 Rb1+ 44. Kh2 Bf3 45. Nc4 Rh1+ 46. Kg3 Rg1+
47. Kh4 Rg2 48. Nxe5+ Ke7 49. Rh7+ Ke6 50. Nxf3 exf3 51. Rxb7 Rxf2 52. Rb6+ Kf5
53. Rxa6 Rh2 54. Rf6+ Ke4 55. Kh5 Rxh3+ 56. Kg4 Rh1 57. Rf4+ Ke5 58. Rxf3 Ke6
59. g6 Ke7 60. Kg5 1-0

[Event "European Rapid 2017"]
[Site "Katowice POL"]
[Date "2017.12.16"]
[Round "4.7"]
[White "Konopka, Michal"]
[Black "Fedorchuk, Sergey A."]
[Result "0-1"]
[WhiteTitle "IM"]
[BlackTitle "GM"]
[WhiteElo "2381"]
[BlackElo "2648"]
[WhiteFideId "308633"]
[BlackFideId "14102536"]
[EventDate "2017.12.16"]

1. Nf3 Nf6 2. c4 e6 3. g3 a6 4. Bg2 b5 5. b3 Bb7 6. Nc3 b4 7. Na4 d6 8. O-O Nbd7
9. d4 Be7 10. a3 bxa3 11. Bxa3 O-O 12. e3 c5 13. dxc5 dxc5 14. Bb2 Qc7 15. Qe2
Bc6 16. Nd2 Bxg2 17. Kxg2 Rab8 18. f4 Rb7 19. Qf3 Rd8 20. Nc3 Ne5 21. Qe2 Qc6+
22. Kg1 Nd3 23. Ba3 h5 24. Rfd1 Rbd7 25. e4 Ng4 26. Nf3 Ngf2 27. Ne5 Nh3+ 28.
Kf1 Nxe5 29. fxe5 g6 30. Rxd7 Rxd7 31. Nd5 exd5 32. exd5 Qb7 33. Qd3 Ng5 34. Re1
Rd8 35. h4 Ne6 36. Qe4 Nd4 37. Re3 Nxb3 38. Qd3 Nd4 39. e6 Nf5 40. exf7+ Kxf7
41. Re6 Rb8 42. Re1 Qb3 0-1

[Event "European Rapid 2017"]
[Site "Katowice POL"]
[Date "2017.12.16"]
[Round "4.8"]
[White "Wojtaszek, Radoslaw"]
[Black "Sadzikowski, Daniel"]
[Result "1-0"]
[WhiteTitle "GM"]
[BlackTitle "GM"]
[WhiteElo "2736"]
[BlackElo "2584"]
[WhiteFideId "1118358"]
[BlackFideId "1132253"]
[EventDate "2017.12.16"]

1. Nf3 c5 2. b3 g6 3. Bb2 Nf6 4. c4 Bg7 5. g3 O-O 6. Bg2 Nc6 7. O-O d6 8. d4 Ne4
9. e3 f5 10. Nbd2 e5 11. dxe5 Nxd2 12. Qxd2 dxe5 13. Qd5+ Qxd5 14. cxd5 Nb4 15.
Nxe5 Re8 16. Nc4 Bxb2 17. Nxb2 b6 18. a3 Na6 19. Nc4 Rd8 20. Rfd1 Bb7 21. d6
Bxg2 22. Kxg2 Rac8 23. Rd5 Nb8 24. h3 Nd7 25. a4 Re8 26. g4 Rcd8 27. Rad1 Nf6
28. Re5 fxg4 29. hxg4 Nxg4 30. Re7 a6 31. Rxe8+ Rxe8 32. Nxb6 Nf6 33. Nd5 Nd7
34. Nc7 Rb8 35. Rd3 a5 36. e4 Rb4 37. Re3 Rd4 38. e5 1-0

[Event "European Rapid 2017"]
[Site "Katowice POL"]
[Date "2017.12.16"]
[Round "4.9"]
[White "D'Costa, Lorin A R"]
[Black "Alekseev, Evgeny"]
[Result "1/2-1/2"]
[WhiteTitle "IM"]
[BlackTitle "GM"]
[WhiteElo "2391"]
[BlackElo "2616"]
[WhiteFideId "409219"]
[BlackFideId "4138147"]
[EventDate "2017.12.16"]

1. c4 c5 2. g3 Nc6 3. Bg2 g6 4. Nc3 Bg7 5. Nf3 d6 6. O-O e6 7. d3 Nge7 8. Bg5 h6
9. Bd2 b6 10. a3 Bb7 11. Rb1 Qd7 12. b4 O-O 13. e3 Rad8 14. Qe2 Qc8 15. Rfd1 Qa8
16. Ne1 Rfe8 17. Nb5 Qb8 18. Bc3 e5 19. Ba1 cxb4 20. axb4 d5 21. Qa2 dxc4 22.
Qxc4 a6 1/2-1/2

[Event "European Rapid 2017"]
[Site "Katowice POL"]
[Date "2017.12.16"]
[Round "4.11"]
[White "Bartel, Mateusz"]
[Black "Kazakovskiy, Valeriy"]
[Result "1/2-1/2"]
[WhiteTitle "GM"]
[BlackTitle "IM"]
[WhiteElo "2609"]
[BlackElo "2422"]
[WhiteFideId "1112635"]
[BlackFideId "13507443"]
[EventDate "2017.12.16"]

1. e4 c5 2. Nf3 a6 3. c3 e6 4. d4 d5 5. e5 Bd7 6. Bd3 Nc6 7. O-O cxd4 8. cxd4
Qb6 9. Bc2 Nb4 10. Ba4 Bxa4 11. Qxa4+ Qc6 12. Qxc6+ Nxc6 13. Be3 Nge7 14. Rc1
Nc8 15. Ne1 Nb6 16. Nd2 Bb4 17. Ndf3 Nc4 18. Nd3 Be7 19. b3 Nxe3 20. fxe3 f5 21.
b4 g5 22. Nc5 Nd8 23. a4 g4 24. Nd2 Bg5 25. Rc3 b6 26. Ncb3 Be7 27. b5 axb5 28.
axb5 Rxa1+ 29. Nxa1 Bb4 30. Rc2 Kd7 31. Ndb3 Nf7 32. Ra2 Rc8 33. Ra6 Bc3 34. Nc2
Bd2 35. Nxd2 Rxc2 36. Nf1 Ng5 37. Ng3 Rc1+ 38. Kf2 Rc2+ 39. Kf1 Rc1+ 40. Kf2
Rc2+ 41. Kf1 Rc1+ 1/2-1/2

[Event "European Rapid 2017"]
[Site "Katowice POL"]
[Date "2017.12.16"]
[Round "4.12"]
[White "Ustianovich, Nazar"]
[Black "Fridman, Daniel"]
[Result "0-1"]
[WhiteTitle "FM"]
[BlackTitle "GM"]
[WhiteElo "2366"]
[BlackElo "2633"]
[WhiteFideId "14109778"]
[BlackFideId "11600454"]
[EventDate "2017.12.16"]

1. d4 Nf6 2. c4 e6 3. Nf3 d5 4. Nc3 c6 5. e3 a6 6. b3 Bb4 7. Bd2 Nbd7 8. a3 Bd6
9. Be2 O-O 10. O-O Qe7 11. a4 e5 12. cxd5 cxd5 13. dxe5 Nxe5 14. Nd4 Bd7 15. Re1
Rac8 16. Bf1 Neg4 17. g3 Bb4 18. Nb1 Rfe8 19. Bxb4 Qxb4 20. Nd2 h5 21. Bg2 h4
22. gxh4 Rc3 23. Nf1 Rec8 24. Ng3 Ne5 25. h3 Rd3 26. Qe2 Rd2 27. Qf1 Nc6 28.
Nge2 Qe7 29. Red1 Rxd1 30. Rxd1 Nb4 31. Ng3 Qc5 32. Kh2 g6 33. Bf3 Kg7 34. Qg2
Rh8 35. Ngf5+ Kf8 36. Qg5 Qc7+ 37. Kg2 Qe5 38. Nh6 Qe7 39. Ng4 Ne8 40. Qxe7+
Kxe7 41. Kg3 Ng7 42. Be2 Nc6 43. Bd3 Nxd4 44. exd4 Nh5+ 45. Kf3 Rc8 46. Ke2 Rc3
47. Kd2 Rxb3 48. a5 Nf4 49. Re1+ Be6 50. Bc2 Rxh3 51. Ne5 Rh2 52. Rb1 Bc8 53.
Ke3 Rxh4 54. Nf3 Ng2+ 55. Kd2 Rf4 56. Bd1 Nh4 57. Ke3 Re4+ 58. Kd3 Nf5 59. Rb4
f6 60. Nd2 Rf4 61. f3 Nd6 62. Bb3 Be6 63. Ke3 g5 64. Kd3 Rh4 65. Bd1 Bd7 66. Ba4
Nb5 67. Nf1 Rh3 68. Ke3 g4 69. Bd1 Nc3 70. Be2 Nxe2 71. Kxe2 Bb5+ 0-1

[Event "European Rapid 2017"]
[Site "Katowice POL"]
[Date "2017.12.16"]
[Round "4.13"]
[White "Potkin, Vladimir"]
[Black "Vykouk, Jan"]
[Result "1-0"]
[WhiteTitle "GM"]
[BlackTitle "FM"]
[WhiteElo "2574"]
[BlackElo "2435"]
[WhiteFideId "4131061"]
[BlackFideId "349658"]
[EventDate "2017.12.16"]

1. c4 Nf6 2. Nc3 c5 3. Nf3 b6 4. d4 cxd4 5. Nxd4 Bb7 6. f3 e6 7. e4 d6 8. Be2
Be7 9. O-O a6 10. Be3 Nbd7 11. Qd2 Qc7 12. Rac1 Rc8 13. Rfd1 O-O 14. Bf1 Qb8 15.
Kh1 Bd8 16. Bg1 Bc7 17. Rc2 Ne5 18. b4 Rfd8 19. Rb1 Ng6 20. Na4 h5 21. b5 a5 22.
Nc6 Bxc6 23. bxc6 d5 24. exd5 exd5 25. Nxb6 dxc4 26. Qc1 Bf4 27. Nxc8 Qxc8 28.
Qa3 Qxc6 29. Rxc4 Qa8 30. Ra4 Bd2 31. Rd4 Rxd4 32. Bxd4 Qc6 33. Qc5 Qa4 34. Qc4
Qe8 35. Qe2 Qxe2 36. Bxe2 Nd5 37. Rb8+ Kh7 38. Bc4 Ngf4 39. g3 Ne6 40. Bd3+ 1-0

[Event "European Rapid 2017"]
[Site "Katowice POL"]
[Date "2017.12.16"]
[Round "4.14"]
[White "Rodshtein, Maxim"]
[Black "Nikitenko, Mihail"]
[Result "1/2-1/2"]
[WhiteTitle "GM"]
[BlackTitle "IM"]
[WhiteElo "2699"]
[BlackElo "2361"]
[WhiteFideId "2806851"]
[BlackFideId "13506862"]
[EventDate "2017.12.16"]

1. d4 d5 2. c4 c6 3. Nf3 Nf6 4. e3 e6 5. Bd3 Nbd7 6. O-O Bd6 7. b3 O-O 8. Bb2 b6
9. Nc3 Bb7 10. Qe2 Qe7 11. Rfe1 Rfe8 12. e4 dxe4 13. Nxe4 Nxe4 14. Qxe4 Nf6 15.
Qh4 h6 16. Rad1 Rad8 17. Bc2 Bb4 18. Re3 Bd6 19. Rde1 Bb4 20. R1e2 Bd6 21. Qh3
Nd7 22. Re4 Qf8 23. Rg4 f5 24. Rg6 Qf7 25. Qxh6 Nf8 26. Rg5 Nh7 27. Rg4 Nf6 28.
Rg6 Kf8 29. Qh8+ Qg8 30. Qh4 Qf7 31. Rg5 c5 32. dxc5 Bxf3 33. gxf3 Bxc5 34. Qh8+
Ke7 35. Qxg7 Bd4 36. Ba3+ Bc5 37. Bxc5+ bxc5 38. Bxf5 Qxg7 39. Rxg7+ Kf8 40. Rg6
Rd1+ 41. Kg2 Nh5 42. Rexe6 Rxe6 43. Rxe6 Nf4+ 44. Kg3 Nxe6 45. Bxe6 Rd2 46. h4
Rxa2 47. Bd7 Rb2 48. Ba4 Kg7 49. f4 Kg6 50. Kf3 Rd2 51. Ke4 Kf6 52. h5 Rd4+ 53.
Ke3 Kf5 54. f3 Rd6 55. Bb5 a6 56. Ba4 Re6+ 57. Kd3 Kxf4 58. Kc3 Re3+ 59. Kb2 Re5
60. Bc6 Rxh5 61. Kc3 Rh1 62. Bd5 Re1 63. Kb2 Ke5 64. Bb7 a5 65. Ka3 Kd4 66. Bd5
Kc3 67. Ka4 Ra1+ 68. Kb5 Kxb3 69. Kxc5 a4 70. Kd6 Kb4 71. c5 Rc1 72. c6 Kb5 73.
f4 a3 74. f5 Kb6 75. f6 Rxc6+ 76. Ke7 Rc7+ 77. Ke6 Kc5 78. Ba2 Rc6+ 79. Ke7 Rxf6 1/2-1/2

[Event "European Rapid 2017"]
[Site "Katowice POL"]
[Date "2017.12.16"]
[Round "4.15"]
[White "Brunello, Sabino"]
[Black "Wiewiora, Eneasz"]
[Result "1/2-1/2"]
[WhiteTitle "GM"]
[BlackTitle "FM"]
[WhiteElo "2553"]
[BlackElo "2320"]
[WhiteFideId "813613"]
[BlackFideId "1140396"]
[EventDate "2017.12.16"]

1. d4 d6 2. c4 g6 3. e4 Bg7 4. Nf3 e5 5. Bg5 f6 6. Be3 Nc6 7. Nc3 exd4 8. Nxd4
Nge7 9. c5 d5 10. exd5 Nxd5 11. Nxd5 Qxd5 12. Nb5 Qe5 13. Qd5 Qe7 14. Bc4 Bh6
15. Nxc7+ Qxc7 16. Bxh6 Qe7+ 17. Be3 Bd7 18. O-O-O O-O-O 19. Qd6 Rhe8 20. Qxe7
Nxe7 21. Bd4 Rf8 22. Rhe1 Nf5 23. Bc3 Bc6 24. Rxd8+ Kxd8 25. f3 h5 26. Re6 Kd7
27. Bxf6 Bb5 28. Bb3 Ba4 29. Rd6+ Nxd6 30. Bxa4+ b5 31. cxb6+ Ke6 32. Bd4 Rc8+
33. Kd2 axb6 34. Bb3+ Nc4+ 35. Kd3 Kd5 36. Bxb6 Kc6 37. Bd4 Nd6 38. f4 Rd8 39.
Bf6 Rf8 40. Be5 Rd8 41. Ke2 Kc5 42. Bc2 Nf5 43. g3 Ra8 44. a3 Ra7 45. Bd3 Rb7
46. b4+ Kd5 47. Kf3 Ra7 48. Bb2 Nd4+ 49. Kf2 Nf5 50. h3 Rf7 51. a4 Rb7 52. b5
Ra7 53. Bc2 Nd4 54. Bxd4 Kxd4 55. b6 Ra6 56. Bxg6 h4 57. g4 Rxb6 58. g5 Rxg6 59.
Kf3 Ra6 60. Kg4 Rxa4 61. g6 Ke3 62. g7 Ra1 63. Kxh4 Rg1 64. f5 Rxg7 65. Kh5 Kf4
66. f6 Rf7 67. Kg6 Rxf6+ 68. Kxf6 Kg3 69. h4 Kxh4 1/2-1/2

[Event "European Rapid 2017"]
[Site "Katowice POL"]
[Date "2017.12.16"]
[Round "4.16"]
[White "Kusiak, Matej"]
[Black "Chigaev, Maksim"]
[Result "0-1"]
[BlackTitle "GM"]
[WhiteElo "2280"]
[BlackElo "2555"]
[WhiteFideId "14911213"]
[BlackFideId "4108116"]
[EventDate "2017.12.16"]

1. e4 c5 2. Nf3 e6 3. d4 cxd4 4. Nxd4 Nc6 5. Nc3 Qc7 6. Be3 a6 7. Qd2 Be7 8. f3
Nf6 9. g4 b5 10. g5 Nh5 11. O-O-O Nxd4 12. Bxd4 b4 13. Na4 Rb8 14. Kb1 O-O 15.
Rg1 d5 16. exd5 Rd8 17. b3 Nf4 18. Bc4 Nxd5 19. Qe2 Bb7 20. Bxa6 Bc6 21. Bc4
Bxa4 22. bxa4 Nc3+ 23. Bxc3 bxc3+ 24. Bb3 Qc5 25. Ka1 Rd2 26. Qc4 Rbd8 0-1

[Event "European Rapid 2017"]
[Site "Katowice POL"]
[Date "2017.12.16"]
[Round "4.17"]
[White "Ragger, Markus"]
[Black "Zawadzka, Jolanta"]
[Result "1-0"]
[WhiteTitle "GM"]
[BlackTitle "WGM"]
[WhiteElo "2657"]
[BlackElo "2424"]
[WhiteFideId "1610856"]
[BlackFideId "1122320"]
[EventDate "2017.12.16"]

1. e4 e5 2. Nf3 Nc6 3. Bc4 Bc5 4. d3 Nf6 5. c3 a6 6. a4 d6 7. O-O Ba7 8. Re1 O-O
9. h3 h6 10. Nbd2 Be6 11. b4 Ne7 12. Bxe6 fxe6 13. Nf1 Ng6 14. Ra2 Qe8 15. Be3
Bxe3 16. Nxe3 Rd8 17. Nc4 Nf4 18. Kh2 Qh5 19. Ng1 Qxd1 20. Rxd1 b5 21. Na5 Nd7
22. Nc6 Ra8 23. g3 Ng6 24. Kg2 Nb6 25. a5 Nc8 26. d4 Na7 27. Nxa7 Rxa7 28. Nf3
exd4 29. cxd4 c6 30. Rc1 Raf7 31. Ne1 Ne7 32. Nd3 g5 33. e5 Rd8 34. Rd2 Rff8 35.
exd6 Rxd6 36. Nc5 Ra8 37. Kf3 Kf7 38. Ke2 Nf5 39. Rcd1 Ne7 40. Kd3 e5 41. Kc3
Nd5+ 42. Kb3 exd4 43. Rxd4 Rf6 44. Ne4 Re6 45. R1d3 Kg6 46. Nc5 Rf6 47. Re4 Rxf2
48. Re6+ Rf6 49. Rxf6+ Kxf6 50. Rf3+ Ke7 51. h4 gxh4 52. gxh4 Rg8 53. Nxa6 Rg4
54. h5 Kd6 55. Rf8 Rg3+ 56. Kc2 Ke5 57. Rc8 Rc3+ 58. Kb2 Kd4 59. Nc5 Rc4 60. a6
Rxb4+ 61. Nb3+ Kd3 62. Rxc6 Ne3 63. a7 Nc4+ 64. Kc1 Rxb3 65. a8=Q Rc3+ 66. Kd1
Ne3+ 67. Ke1 1-0

[Event "European Rapid 2017"]
[Site "Katowice POL"]
[Date "2017.12.16"]
[Round "4.18"]
[White "Costachi, Mihnea"]
[Black "Neiksans, Arturs"]
[Result "1/2-1/2"]
[WhiteTitle "IM"]
[BlackTitle "GM"]
[WhiteElo "2441"]
[BlackElo "2590"]
[WhiteFideId "1217518"]
[BlackFideId "11601388"]
[EventDate "2017.12.16"]

1. d4 f5 2. Bg5 g6 3. h4 h6 4. Bf4 d6 5. c4 Nf6 6. Nc3 Bg7 7. Nf3 Nc6 8. d5 e5
9. Bh2 Ne7 10. e3 O-O 11. Be2 c6 12. dxc6 Nxc6 13. c5 e4 14. Nd4 Nxd4 15. Qxd4
dxc5 16. Qxc5 Be6 17. Rd1 Qc8 18. Qb4 Rf7 19. O-O Rd7 20. Be5 Bf8 21. Qa4 Rxd1
22. Rxd1 Nd7 23. Bd6 Bg7 24. h5 g5 25. Bg3 Nb6 26. Qb5 Qe8 27. Qxe8+ Rxe8 28.
Nb5 Bxa2 29. Ra1 Bf7 30. Rxa7 Re7 31. Nd6 Be6 32. b4 Nd5 33. Bc4 f4 34. exf4
Nxf4 35. Rxb7 Rxb7 36. Bxe6+ Nxe6 37. Nxb7 Bd4 38. Nd6 Ng7 39. Nxe4 Kf7 40. Bc7
Nxh5 41. Kf1 Ke6 42. g4 Ng7 43. Ng3 Kd5 44. Ke2 Ne8 45. Bd8 Nd6 46. f3 Be5 47.
Nf5 Nxf5 48. gxf5 Bd6 49. f6 Ke6 50. b5 Bc5 51. b6 Bxb6 52. Bxb6 Kxf6 53. Bf2
Kf5 54. Ke3 h5 55. Bg3 h4 56. Be1 Ke5 57. Kf2 g4 58. fxg4 Kf4 59. Kg2 Kxg4 60.
Bxh4 1/2-1/2

[Event "European Rapid 2017"]
[Site "Katowice POL"]
[Date "2017.12.16"]
[Round "4.19"]
[White "Buhmann, Rainer"]
[Black "Meissner, Felix"]
[Result "1-0"]
[WhiteTitle "GM"]
[BlackTitle "FM"]
[WhiteElo "2584"]
[BlackElo "2333"]
[WhiteFideId "4651340"]
[BlackFideId "24671827"]
[EventDate "2017.12.16"]

1. d4 g6 2. c4 Bg7 3. e4 d6 4. Nc3 Nc6 5. Be3 e5 6. d5 Nce7 7. Bd3 f5 8. f3 Nf6
9. Nge2 O-O 10. h3 Nh5 11. Qd2 b6 12. O-O-O f4 13. Bf2 a5 14. Kb1 Bd7 15. Bc2
Qe8 16. Rc1 g5 17. Qd1 Nf6 18. Ba4 Bxa4 19. Qxa4 Qxa4 20. Nxa4 Nd7 21. Nec3 Ng6
22. Nb5 Rfc8 23. h4 g4 24. h5 Nh8 25. Bh4 Bf6 26. Bxf6 Nxf6 27. Nxd6 cxd6 28.
Nxb6 Rab8 29. Nxc8 Rxc8 30. c5 dxc5 31. Rc4 Nf7 32. Rhc1 gxf3 33. gxf3 Nd7 34.
a3 Nd6 35. R4c2 Kf7 36. Rg2 Rg8 37. Rxg8 Kxg8 38. Rg1+ Kf7 39. h6 Ne8 40. Kc2
Nb6 41. Kd3 Na4 42. b3 Nb6 43. Rg5 Nd7 44. Kc3 Kf6 45. Rg8 Kf7 46. Rg1 Ke7 47.
Kd3 Kf7 48. Rg2 Ke7 49. Kc3 Kf7 50. b4 cxb4+ 51. axb4 axb4+ 52. Kxb4 Ndf6 53.
Kc5 Ke7 54. Rg5 Kd8 55. Kc6 Nd7 56. Rg8 Nb8+ 57. Kb5 Nd7 58. Kc6 Nb8+ 59. Kc5
Nd7+ 60. Kc4 Nf6 61. Rg5 Nd7 62. Rg1 Ke7 63. Kb5 Nd6+ 64. Kc6 Nf6 65. Rg7+ Nf7
66. Kc5 Nd7+ 67. Kb5 Nf6 68. Kc6 Kf8 69. d6 Nd8+ 70. Kb6 Ne6 71. d7 Nxd7+ 72.
Rxd7 Ng5 73. Kc5 Nxf3 74. Kd5 Ng5 75. Kxe5 f3 76. Kf4 f2 77. Rd1 Nf7 78. Rf1
Nxh6 79. Rxf2 Nf7 80. Kf5 Ke7 81. e5 Nh6+ 82. Ke4 Nf7 83. Ra2 h5 84. Rh2 Ng5+
85. Ke3 Ke6 86. Rxh5 Nf7 87. Ke4 1-0

[Event "European Rapid 2017"]
[Site "Katowice POL"]
[Date "2017.12.16"]
[Round "4.20"]
[White "Lavendelis, Egons"]
[Black "Piorun, Kacper"]
[Result "1/2-1/2"]
[WhiteTitle "FM"]
[BlackTitle "GM"]
[WhiteElo "2278"]
[BlackElo "2651"]
[WhiteFideId "11601647"]
[BlackFideId "1130420"]
[EventDate "2017.12.16"]

1. e4 c6 2. d4 d5 3. Nc3 dxe4 4. Nxe4 Bf5 5. Nc5 b6 6. Nb3 e6 7. Bd3 Bg6 8. Nf3
Nd7 9. O-O Bd6 10. c4 Ngf6 11. h3 O-O 12. Bxg6 hxg6 13. Be3 Qe7 14. Re1 a5 15.
Qe2 a4 16. Nc1 c5 17. Nd3 Rfc8 18. b3 Ra6 19. Qc2 Rca8 20. Rab1 axb3 21. axb3
Qf8 22. Red1 Qb8 23. b4 Ra2 24. Rb2 Rxb2 25. Qxb2 cxb4 26. Nxb4 Ra4 27. Nc6 Qa8
28. Nce5 Bc7 29. Nxd7 Nxd7 30. d5 exd5 31. cxd5 Bd6 32. g3 Qa5 33. Qc2 Nc5 34.
Bxc5 bxc5 35. Qe2 Qa8 36. Ng5 Ra7 37. Ne4 Re7 38. Qc4 Qb8 39. Rc1 Qc7 40. Nxd6
Qxd6 41. Qxc5 Re1+ 42. Kh2 1/2-1/2

[Event "European Rapid 2017"]
[Site "Katowice POL"]
[Date "2017.12.16"]
[Round "4.21"]
[White "Andriasian, Zaven"]
[Black "Mikrut, Dariusz"]
[Result "1-0"]
[WhiteTitle "GM"]
[BlackTitle "IM"]
[WhiteElo "2585"]
[BlackElo "2375"]
[WhiteFideId "13302000"]
[BlackFideId "1112791"]
[EventDate "2017.12.16"]

1. e4 e5 2. Nf3 Nc6 3. Bc4 Bc5 4. O-O Nf6 5. d3 d6 6. c3 a6 7. Bb3 Ba7 8. Nbd2
h6 9. Re1 O-O 10. h3 Be6 11. Nf1 Re8 12. Bc2 d5 13. exd5 Bxd5 14. Ng3 Qd7 15.
Be3 Bxe3 16. Rxe3 Rad8 17. Qe2 Nh7 18. Re1 f6 19. Nh4 Nf8 20. Nh5 Bf7 21. Rg3
Bxh5 22. Qxh5 Qf7 23. Qxh6 1-0

[Event "European Rapid 2017"]
[Site "Katowice POL"]
[Date "2017.12.16"]
[Round "4.22"]
[White "Ondrus, Martin"]
[Black "Fressinet, Laurent"]
[Result "0-1"]
[BlackTitle "GM"]
[WhiteElo "2261"]
[BlackElo "2662"]
[WhiteFideId "14913330"]
[BlackFideId "608742"]
[EventDate "2017.12.16"]

1. e4 e5 2. Nf3 Nc6 3. Nc3 Nf6 4. d4 exd4 5. Nxd4 Bc5 6. Nb3 Bb6 7. Qe2 a5 8. a4
O-O 9. Bg5 h6 10. Bh4 Nd4 11. Nxd4 Bxd4 12. f3 Bxc3+ 13. bxc3 d5 14. e5 Re8 15.
f4 g5 16. Bg3 Qe7 17. fxg5 Ne4 18. gxh6 Qg5 0-1